|
|
|
|
| LEADER |
00000nam a22000007a 4500 |
| 003 |
CL-VaPUC |
| 005 |
20250321101921.0 |
| 008 |
250115t2020 ||||| |||| 00| 0 eng d |
| 999 |
|
|
|c 446546
|d 446544
|
| 020 |
|
|
|a 978-84-9964-982-5
|
| 040 |
|
|
|c Pontificia Universidad Católica de Valparaíso
|
| 082 |
|
|
|a 794.8 IZQ 2020
|
| 100 |
|
|
|9 895443
|a Izquierdo, Ricardo
|e autor
|
| 245 |
|
|
|a Diseño emocional de personajes de videojuegos.
|
| 260 |
|
|
|a Madrid, España:
|b Ra-Ma,
|c 2020.
|
| 300 |
|
|
|a 154 páginas:
|b ilustraciones.
|
| 500 |
|
|
|a c.1 Instituto Arcos.08-01-2025.
|
| 583 |
|
|
|c 20250115
|k Gabriela Rodríguez Cuevas
|
| 650 |
|
0 |
|9 536738
|a Videojuegos
|x Personajes
|x Diseño
|
| 942 |
|
|
|2 ddc
|c BK
|n 0
|
| 952 |
|
|
|0 0
|1 0
|2 ddc
|4 0
|6 794_800000000000000_IZQ_2020
|7 0
|9 599363
|a BIBINC
|b BIBINC
|c GEN
|d 2025-01-15
|e Instituto Arcos
|i 5664324
|o 794.8 IZQ 2020
|p 5664324
|r 2025-01-15
|t 1
|w 2025-01-15
|y BK
|k IFP
|